000 00463nam a22001457a 4500
008 220526b |||||||| |||| 00| 0 eng d
020 _a0787972738
050 _aLB171.5
_b.D37 2006
100 _aDarling-Hammond, Linda
245 _aPowerful teacher education
_blessons from exemplary programs
_cLinda Darling-Hammond
260 _aSan Francisco
_bJossey-Bass
_c2006
300 _axvi, 419p.
650 _aTeachers training of
_zUnited States
942 _2lcc
_cBK
999 _c19325
_d19324